Maggior numero di Vittorie consecutive dalla prima gara in Formula 1 - Statistics

Statistiche generali
  • Questo quiz è stato fatto 38 volte
  • Il punteggio medio è 7 su 7
Statistiche sulle risposte
Nazione Pilota Stagione Gran premi vinti consecutivi % Corretto
Brasile Ayrton Senna 1991 4
100%
Germania Michael Schumacher 2004 5
100%
Germania Michael Schumacher 1994 4
100%
Germania Michael Schumacher 2000 3
100%
Germania Nico Rosberg 2016 4
97%
Regno Unito Nigel Mansell 1992 5
94%
Regno Unito Damon Hill 1996 3
76%
Nessun quiz corrispondente trovato
Distribuzione punteggi
Percentuale di utenti per punteggio
Percentile per numero di risposta
I tuoi punteggi nel tempo
Non hai fatto questo quiz